Quiz o Bayernie Monachium #1 - Statystyki

Ogólne statystyki
  • Ten quiz został rozwiązany 116 razy
  • Średni wynik to 6 z 10
Statystyki odpowiedzi
Zagadnienie Odpowiedź % Poprawnych
Jak nazywa się stadion Bayernu Monachium ? Allianz Arena
100%
Kto jest trenerem Bayernu Monachium? Vincent Kompany
89%
Ile razy Bayern Monachium wygrał Ligę Mistrzów? 6
82%
W którym roku został założony Bayern Monachium? 1900
75%
Który z nich jest wychowankiem Bayernu ? David Alaba
66%
Kto założył Bayern ? Franz Jonh
63%
Kto jest najlepszym strzelcem w historii Bayernu ? Gerd Muller
63%
W 2004 roku Bayern doszedł do 1/8 ligi mistrzów, z kim rozgrywali ten mecz? Realem Madryt
47%
Ile goli strzelił Harry Kane dla Bayernu Monachium 72
41%
W którym sezonie Bayern zdobył czwartą gwiazdkę na herbie? 2007/2008
23%
Nie znaleziono quizów pasujących do podanych kryteriów
Rozkład punktacji
Procent ludzi z każdym wynikiem
Percentyl według liczby udzielonych odpowiedzi
Twoja historia wyników
Nie rozwiązałeś tego quizu